Rise in consumer prices index (Record no. 74602)
[ view plain ]
| 000 -LEADER | |
|---|---|
| fixed length control field | 01165cab a2200205 4500 |
| 001 - CONTROL NUMBER | |
| control field | WB4044-06 |
| 008 - FIXED-LENGTH DATA ELEMENTS--GENERAL INFORMATION | |
| fixed length control field | 041117n2004 000 0 eng u |
| 035 ## - SYSTEM CONTROL NUMBER | |
| System control number | (Sirsi) u128007 |
| 245 ## - TITLE STATEMENT | |
| Title | Rise in consumer prices index |
| 260 ## - PUBLICATION, DISTRIBUTION, ETC. | |
| Date of publication, distribution, etc. | 2004 |
| 490 ## - SERIES STATEMENT | |
| Series statement | National Statistics Press Release |
| Volume/sequential designation | 16 November 2004 (20) |
| 520 ## - SUMMARY, ETC. | |
| Summary, etc. | "Consumer price indices: October 2004" has been released by the Office for National Statistics. It shows that in the year to October 2004, the Consumer Prices Index (CPI) rose by 1.2% - up from 1.1% in September. The all items Retail Prices Index (RPI) rose by 3.3% - up from 3.1%. The largest upward impact on the CPI inflation rate came from petrol. Further upward effects came from package holidays and food. Similar factors led to an increase in the RPI inflation rate - up to 3.3% in October 2004, an increase from 3.1% the previous month. Full details and the release can be found on the website. http://www.statistics.gov.uk/cci/nugget.asp?id=19 |
| 590 ## - LOCAL NOTE (RLIN) | |
| Local note | WB |
| 650 ## - SUBJECT ADDED ENTRY--TOPICAL TERM | |
| Topical term or geographic name entry element | INFLATION |
| 650 ## - SUBJECT ADDED ENTRY--TOPICAL TERM | |
| Topical term or geographic name entry element | ECONOMICS |
| 650 ## - SUBJECT ADDED ENTRY--TOPICAL TERM | |
| Topical term or geographic name entry element | CONSUMER PRICES INDEX |
| 650 ## - SUBJECT ADDED ENTRY--TOPICAL TERM | |
| Topical term or geographic name entry element | RETAIL PRICE INDEX |
| 690 ## - LOCAL SUBJECT ADDED ENTRY--TOPICAL TERM (OCLC, RLIN) | |
| Topical term or geographic name as entry element | ECONOMIC ISSUES |
| 942 ## - ADDED ENTRY ELEMENTS (KOHA) | |
| Suppress in OPAC | 0 |
| Withdrawn status | Lost status | Source of classification or shelving scheme | Damaged status | Not for loan | Home library | Current library | Shelving location | Date acquired | Total Checkouts | Full call number | Barcode | Date last seen | Copy number | Price effective from | Koha item type |
|---|---|---|---|---|---|---|---|---|---|---|---|---|---|---|---|
| Dewey Decimal Classification | London | London | News article | 17/11/2004 | WB4044-06 | 128007-1001 | 06/08/2019 | 1 | 06/08/2019 | News article |